|
|
|
|
| LEADER |
00000nab a2200000 a 4500 |
| 001 |
vtls009512812 |
| 003 |
SK-MaSNL |
| 005 |
20260303201151.0 |
| 008 |
090515c2003 xo r m 000 00slo |
| 015 |
|
|
|a SNBRA2009/05SVKPO
|
| 038 |
|
|
|a SVKPO
|
| 040 |
|
|
|a SVKPOCL
|c slo
|e AACR2
|
| 041 |
0 |
|
|a slo
|
| 044 |
|
|
|a xo
|c SK
|
| 080 |
|
|
|a 81 '22
|2 2001
|
| 080 |
|
|
|a 81 '373.611
|2 2001
|
| 080 |
|
|
|a 81 '373.611:811.162.4
|2 2001
|
| 080 |
|
|
|a 81 '373.611:811.161.2
|2 2001
|
| 080 |
|
|
|a 811.162.4 '373.611
|2 2001
|
| 080 |
|
|
|a 811.161.2 '373.611
|2 2001
|
| 100 |
1 |
|
|a Kredátusová, Jarmila,
|d 1972-
|4 aut
|9 120298
|
| 245 |
1 |
0 |
|a Slovenské a ukrajinské substantíva mutačnej onomaziologickej kategórie z hľadiska ich tvorenia
|c Jarmila Kredátusová
|
| 504 |
|
|
|a Bibliogr. odkazy
|
| 546 |
|
|
|a Res. angl.
|
| 650 |
0 |
7 |
|a onomaziológia
|2 svkpocl
|9 69595
|
| 650 |
0 |
7 |
|a onomaziologické kategórie
|2 svkpocl
|9 86193
|
| 650 |
0 |
7 |
|a slovenčina
|2 svkpocl
|9 1350
|
| 650 |
0 |
7 |
|a ukrajinčina
|2 svkpocl
|9 1347
|
| 650 |
0 |
7 |
|a tvorenie slov
|2 svkpocl
|9 15995
|
| 773 |
0 |
|
|t Slovensko-ukrajinské vzťahy v oblasti jazyka, literatúry, histórie a kultúry : zborník materiálov z medzinárodnej vedeckej konferencie, ktorá sa konala 12.-13. septembra 2002 v Prešove / [zostavovateľky: Ľubica Babotová, Jarmila Kredátusová]
|d Prešov : Prešovská univerzita, 2003
|g S. 101-106
|z 8080682119
|
| 852 |
|
|
|a SVKPO
|b KIS3GCP
|
| 958 |
|
|
|a SK
|
| 958 |
|
|
|a NB
|
| 958 |
|
|
|a UK
|
| 999 |
|
|
|c 2172239
|d 2174169
|